| 000 | 00661nam a2200217Ii 4500 | ||
|---|---|---|---|
| 003 | JO-AjNU | ||
| 008 | 230606s9999||||xx |||||||||||||| ||und|| | ||
| 020 | _a978-0-495-90150-1/0-495-90150-4 | ||
| 040 |
_aJO-AjNU _beng _erda _cJO-AjNU |
||
| 041 | _aeng | ||
| 050 | 1 | 4 | _aPE1408.W94 2011 |
| 100 | 3 |
_aتأليف Wyrick,Jean, _eauthor _92238 |
|
| 245 | 0 | 0 | _aSteps to Writing Well eith Additional Readings |
| 250 | _a8 ed | ||
| 264 | 3 | 1 | _aUSA:WADSWORTH CENGAGE Learning,2011 |
| 300 | _a740p | ||
| 336 |
_atext _btxt _2rdacontent |
||
| 337 |
_aunmediated _bn _2rdamedia |
||
| 338 |
_avolume _bnc _2rdacarrier |
||
| 650 | 4 |
_aEnglish Language-Reading-Writing _92239 |
|
| 999 |
_aE1172 _c1172 _d1172 |
||